000 nam a22 7a 4500
999 _c9579
_d9579
008 180205b ||||| |||| 00| 0 eng d
100 _aBhat, R L
_95727
245 _aA B C of Social Science -VII
260 _aNew Delhi
_bHoly Faith Publication
_c1996